| 000 | 00710nam a22002172 4500 | ||
|---|---|---|---|
| 001 | 0000000621 | ||
| 005 | 20151217155804.0 | ||
| 008 | 070213s xx 000 0 eng d | ||
| 040 |
_aKABU _cKABU |
||
| 050 | 0 |
_aBR1360 _b.G76 |
|
| 100 | 1 |
_aGroves, C. P. _@0000148868 |
|
| 245 | 1 | 4 |
_aThe Planting of Christianity in Africa / _cC. P. Groves. |
| 260 |
_aLondon : _bLutterworth, _c1948. |
||
| 300 | _a4 v. | ||
| 908 | _a070213 | ||
| 950 | _@1 | ||
| 999 |
_c12419 _d12419 |
||